[Event "4th EUR-ch"]
[Site "Istanbul TUR"]
[Date "2003.06.02"]
[Round "4.86"]
[White "Oney, Feridun"]
[Black "Halkias, Stelios"]
[Result "0-1"]
[WhiteElo "2251"]
[BlackElo "2542"]
[EventDate "2003.05.30"]
[PlyCount "85"]

1.Nf3 c5 2.g3 d5 3.Bg2 Nc6 4.d4 e6 5.O-O Nf6 6.b3 Be7 7.Bb2 O-O 8.e3 b6 9.
c4 Ba6 10.Nbd2 Rc8 11.dxc5 bxc5 12.Re1 Qb6 13.Qc1 Rfd8 14.e4 dxe4 15.Nxe4 
Nd4 16.Nxf6+ Bxf6 17.Nxd4 cxd4 18.Qd2 Be7 19.Re4 Bf6 20.Rc1 e5 21.h4 g6 
22.Rce1 Bb7 23.R4e2 Bxg2 24.Kxg2 Qc6+ 25.f3 Bg7 26.Qa5 Re8 27.c5 d3 28.Rd2
e4 29.fxe4 Rxe4 30.Rxe4 Qxe4+ 31.Kh2 Bxb2 32.Rxb2 Qd4 33.Rd2 Rxc5 34.Qxa7 
Qd5 35.Qb8+ Kg7 36.Qf4 Rc1 37.Rg2 Rc2 38.Rd2 Qc5 39.Rxc2 dxc2 40.Qc1 Qf2+ 
41.Kh3 h5 42.a4 Qe2 43.Qf4 0-1

[Event "4th EUR-ch"]
[Site "Istanbul TUR"]
[Date "2003.06.02"]
[Round "4.87"]
[White "Nedev, Trajce"]
[Black "Demir, Gokhan"]
[Result "1-0"]
[WhiteElo "2518"]
[BlackElo "2245"]
[EventDate "2003.05.30"]
[PlyCount "44"]

1.e4 c5 2.Nf3 d6 3.d4 cxd4 4.Nxd4 Nf6 5.Nc3 Nc6 6.Bg5 e6 7.Qd2 Be7 8.O-O-O
O-O 9.f4 Nxd4 10.Qxd4 Qa5 11.Bc4 Bd7 12.Rhe1 e5 13.Qd3 Rab8 14.Bb3 Bc6 15.
f5 b5 16.Bxf6 Bxf6 17.Qxd6 Rb6 18.Qc7 b4 19.Nd5 Bxd5 20.Rxd5 Qa6 21.Rd7 
Kh8 22.Qxa7 Qb5 1-0

[Event "4th EUR-ch"]
[Site "Istanbul TUR"]
[Date "2003.06.02"]
[Round "4.88"]
[White "Erdogan, Hakan"]
[Black "Reinderman, Dimitri"]
[Result "1-0"]
[WhiteElo "2239"]
[BlackElo "2516"]
[EventDate "2003.05.30"]
[PlyCount "79"]

1.d4 f5 2.c4 Nf6 3.g3 g6 4.Bg2 Bg7 5.Nc3 O-O 6.Nh3 d6 7.d5 Nbd7 8.O-O Ne5 
9.b3 c5 10.Bb2 a6 11.Nf4 Rb8 12.a4 Ne8 13.Ne6 Bxe6 14.dxe6 Nc7 15.a5 Kh8 
16.Bd5 Nc6 17.Qd2 Nd4 18.Na4 Ndxe6 19.Bg2 Na8 20.Bxg7+ Kxg7 21.f4 b5 22.
axb6 Nxb6 23.Nc3 Nc7 24.e4 Kg8 25.exf5 gxf5 26.Rfe1 e6 27.Rad1 Nc8 28.Na4 
Qf6 29.Re3 Rb4 30.Bc6 Rf7 31.Qg2 Kg7 32.Red3 Qe7 33.g4 fxg4 34.Qxg4+ Kh8 
35.Rg3 Qf8 36.Qe2 Rxf4 37.Nxc5 Ne7 38.Nd7 Qf5 39.Qb2+ e5 40.Nxe5 1-0

[Event "4th EUR-ch"]
[Site "Istanbul TUR"]
[Date "2003.06.02"]
[Round "4.89"]
[White "Azimi, Reza"]
[Black "San Segundo Carrillo, Pablo"]
[Result "0-1"]
[WhiteElo "2046"]
[BlackElo "2515"]
[EventDate "2003.05.30"]
[PlyCount "64"]

1.e4 c5 2.Nf3 d6 3.d4 cxd4 4.Nxd4 Nf6 5.Nc3 a6 6.Be3 e5 7.Nb3 Be6 8.f3 Be7
9.Qd2 O-O 10.g4 d5 11.Bc5 d4 12.Na4 Nfd7 13.Ba3 Bxb3 14.axb3 b5 15.Bxe7 
Qxe7 16.Nc3 dxc3 17.bxc3 Qh4+ 18.Ke2 Re8 19.Qd5 Ra7 20.Ke3 Nf6 21.Qc5 Rd7 
22.Bd3 Rdd8 23.c4 bxc4 24.Qxc4 Rc8 25.Qa4 h5 26.h3 Red8 27.Rag1 Qg5+ 28.
Ke2 Rxc2+ 29.Bxc2 Qd2+ 30.Kf1 Qxc2 31.Qa1 Rd2 32.Qe1 Qd3+ 0-1

[Event "4th EUR-ch"]
[Site "Istanbul TUR"]
[Date "2003.06.02"]
[Round "4.90"]
[White "Solak, Dragan"]
[Black "Kayar, Erdem"]
[Result "1-0"]
[WhiteElo "2514"]
[BlackElo "2077"]
[EventDate "2003.05.30"]
[PlyCount "117"]

1.e4 e5 2.Nf3 Nc6 3.Bb5 a6 4.Bxc6 dxc6 5.Nc3 f6 6.d4 exd4 7.Nxd4 c5 8.Nde2
Qxd1+ 9.Nxd1 Be6 10.Bf4 O-O-O 11.Ne3 Ne7 12.Rd1 Rxd1+ 13.Kxd1 Ng6 14.Bg3 
Be7 15.Kc1 Bd8 16.f3 Ne7 17.h4 Nc6 18.h5 Re8 19.Nf4 Bf7 20.Nf5 Rg8 21.Rd1 
Ne7 22.Ne3 Nc6 23.a3 Nd4 24.Kd2 Ne6 25.Nxe6 Bxe6 26.Ke2 Be7 27.Nd5 Bd8 28.
Bf2 b6 29.g4 Re8 30.Nc3 Be7 31.Nd5 Bd8 32.Bh4 c6 33.Ne3 Be7 34.Nf5 Bf8 35.
Bg3 Rd8 36.Rxd8+ Kxd8 37.Bd6 Bxd6 38.Nxd6 g6 39.hxg6 hxg6 40.Kd3 Kd7 41.
Nc4 b5 42.Ne3 c4+ 43.Ke2 Kd6 44.f4 a5 45.c3 c5 46.Kf3 b4 47.f5 Bf7 48.fxg6
Bxg6 49.Nxc4+ Kc7 50.Kf4 Kc6 51.Nxa5+ Kb5 52.axb4 cxb4 53.cxb4 Kxb4 54.
Nc6+ Kb3 55.Ne7 Bh7 56.Nd5 Kxb2 57.Nxf6 Bg6 58.e5 Bf7 59.Kf5 1-0

[Event "4th EUR-ch"]
[Site "Istanbul TUR"]
[Date "2003.06.02"]
[Round "4.91"]
[White "Marin, Mihail"]
[Black "Zueger, Beat"]
[Result "1/2-1/2"]
[WhiteElo "2568"]
[BlackElo "2448"]
[EventDate "2003.05.30"]
[PlyCount "40"]

1.c4 e5 2.Nc3 Nf6 3.g3 c6 4.Nf3 e4 5.Nd4 d5 6.cxd5 Qb6 7.Nb3 cxd5 8.d3 d4 
9.Nxe4 Nxe4 10.dxe4 Nc6 11.Bg2 Be6 12.O-O Rd8 13.Bg5 f6 14.Bd2 Be7 15.Qc2 
Rc8 16.Qd3 O-O 17.e5 fxe5 18.Be4 h6 19.Nc1 Nb4 20.Bxb4 Qxb4 1/2-1/2

[Event "4th EUR-ch"]
[Site "Istanbul TUR"]
[Date "2003.06.02"]
[Round "4.92"]
[White "Schandorff, Lars"]
[Black "Nyysti, Sampsa"]
[Result "1-0"]
[WhiteElo "2563"]
[BlackElo "2429"]
[EventDate "2003.05.30"]
[PlyCount "35"]

1.d4 Nf6 2.Nf3 e6 3.c4 b6 4.g3 Ba6 5.b3 Bb4+ 6.Bd2 Be7 7.Nc3 O-O 8.Qc2 d5 
9.cxd5 exd5 10.Bg2 Re8 11.O-O Bd6 12.Bg5 Nbd7 13.Nxd5 Rxe2 14.Qf5 Bb7 15.
Bxf6 Nxf6 16.Ng5 Nxd5 17.Qxf7+ Kh8 18.Qh5 1-0

[Event "4th EUR-ch"]
[Site "Istanbul TUR"]
[Date "2003.06.02"]
[Round "4.93"]
[White "Dervishi, Erald"]
[Black "Can, Emre"]
[Result "1-0"]
[WhiteElo "2535"]
[BlackElo "2200"]
[EventDate "2003.05.30"]
[PlyCount "137"]

1.e4 c5 2.Nf3 Nc6 3.d4 cxd4 4.Nxd4 g6 5.Nc3 Bg7 6.Be3 Nf6 7.Bc4 d6 8.f3 
Qb6 9.Nf5 Qxb2 10.Nxg7+ Kf8 11.Nd5 Nxd5 12.Bxd5 Kxg7 13.Rb1 Qc3+ 14.Kf2 
Qa5 15.Rb3 Qc7 16.Qd2 h6 17.Rhb1 f6 18.Qc3 Rf8 19.Qc4 Qd7 20.Rc3 Rd8 21.
Qb5 h5 22.Kg1 Qe8 23.Qa4 e6 24.Bxc6 bxc6 25.Qxc6 Qxc6 26.Rxc6 Rd7 27.Rd1 
d5 28.Rxe6 d4 29.Bf4 Kf7 30.Rc6 Bb7 31.Rc4 Rad8 32.e5 g5 33.Bc1 fxe5 34.
Bxg5 Rg8 35.h4 Rc8 36.Rxc8 Bxc8 37.Re1 Rd5 38.f4 Ke6 39.Bh6 Kf5 40.fxe5 
Rxe5 41.Rd1 Re4 42.Bg7 Rxh4 43.Bxd4 a6 44.c3 Be6 45.a3 Rg4 46.Rf1+ Rf4 47.
Rb1 Rg4 48.Rb2 Bd5 49.Kh2 Rg6 50.Kh3 Rg8 51.Rf2+ Ke4 52.Rf6 Bc4 53.g3 Kd3 
54.Rh6 Rg5 55.Bf6 Rf5 56.Kh4 a5 57.Bd4 Bf7 58.Rb6 Kc4 59.Rb1 Rf3 60.Rb8 
Rf5 61.a4 Rf1 62.Rb5 Rh1+ 63.Kg5 Be8 64.Rxa5 Kb3 65.Ra8 Bxa4 66.Rh8 Rh3 
67.Be5 Kc4 68.Rxh5 Rxh5+ 69.Kxh5 1-0

[Event "4th EUR-ch"]
[Site "Istanbul TUR"]
[Date "2003.06.02"]
[Round "4.94"]
[White "Arduman, Can"]
[Black "De Vreugt, Dennis"]
[Result "0-1"]
[WhiteElo "2361"]
[BlackElo "2503"]
[EventDate "2003.05.30"]
[PlyCount "46"]

1.d4 Nf6 2.Nf3 e6 3.c4 b6 4.a3 c5 5.e3 g6 6.Nc3 Bg7 7.dxc5 bxc5 8.Qd6 Qe7 
9.Qxe7+ Kxe7 10.e4 Bb7 11.Bd3 Nc6 12.Be3 Ng4 13.Bg5+ f6 14.Bf4 f5 15.exf5 
gxf5 16.O-O Rhg8 17.Rfe1 Nd4 18.Nd2 d6 19.g3 Be5 20.Be3 f4 21.Bxd4 Bxd4 
22.Nd1 fxg3 23.hxg3 Nxf2 0-1

[Event "4th EUR-ch"]
[Site "Istanbul TUR"]
[Date "2003.06.02"]
[Round "4.95"]
[White "Grant, Jonathan"]
[Black "Sulypa, Olexandr"]
[Result "1-0"]
[WhiteElo "2253"]
[BlackElo "2492"]
[EventDate "2003.05.30"]
[PlyCount "127"]

1.c4 e5 2.Nc3 Nf6 3.Nf3 Nc6 4.g3 d5 5.cxd5 Nxd5 6.Bg2 Nb6 7.O-O Be7 8.d3 
O-O 9.Bd2 Be6 10.Rc1 f5 11.a3 a5 12.Qc2 a4 13.e4 fxe4 14.Nxe4 Rxf3 15.Bxf3
Nd4 16.Qxc7 Nxf3+ 17.Kg2 Nxd2 18.Nxd2 Bg5 19.f4 exf4 20.Qxd8+ Rxd8 21.gxf4
Rxd3 22.fxg5 Rxd2+ 23.Kg1 Bd5 24.Rf5 Bc6 25.Rf2 Rxf2 26.Kxf2 Kf7 27.Kg3 
Nd5 28.Re1 Nb6 29.Rc1 Ke6 30.Kg4 g6 31.Rc3 Bd5 32.Kf4 Bb3 33.Rh3 Nc4 34.
Rxh7 b5 35.Rb7 Nd6 36.Rb6 Kd5 37.h4 Bd1 38.Rb8 Kc5 39.Rd8 Bh5 40.Rh8 Kd5 
41.Rd8 Ke6 42.Rb8 Kd5 43.Rd8 Kc5 44.Rh8 Bd1 45.Rd8 Bc2 46.Ke3 Nc4+ 47.Ke2 
Bf5 48.Rf8 Nxb2 49.Rxf5+ gxf5 50.g6 Nc4 51.g7 Nxa3 52.g8=Q Kb4 53.Kd3 Nc4 
54.Qf8+ Kb3 55.Qxf5 Nb2+ 56.Kd4 b4 57.Kc5 a3 58.Qd5+ Kc3 59.Qd4+ Kc2 60.
Kxb4 a2 61.Qe4+ Nd3+ 62.Kc4 a1=Q 63.Qxd3+ Kb2 64.Qc3+ 1-0

[Event "4th EUR-ch"]
[Site "Istanbul TUR"]
[Date "2003.06.02"]
[Round "4.96"]
[White "Bayram, Yakup"]
[Black "Del Rio Angelis, Salvador Gabriel"]
[Result "1/2-1/2"]
[WhiteElo "2296"]
[BlackElo "2490"]
[EventDate "2003.05.30"]
[PlyCount "106"]

1.a3 d5 2.d4 Nf6 3.Nf3 Bg4 4.Ne5 Bh5 5.g3 e6 6.Bg2 Nfd7 7.Nxd7 Nxd7 8.O-O 
Be7 9.c4 c6 10.cxd5 exd5 11.Nc3 O-O 12.b4 Bf6 13.Ra2 Re8 14.Qd2 Nb6 15.e3 
Nc4 16.Qc2 Bg6 17.Qd1 b5 18.a4 a5 19.axb5 axb4 20.Rxa8 Qxa8 21.Na4 cxb5 
22.Nc5 Be4 23.Bxe4 dxe4 24.Qe1 Be7 25.Qxb4 Qc6 26.Bb2 Ra8 27.Rb1 h5 28.Bc3
Nd6 29.Qb2 h4 30.Bb4 Qd5 31.Ra1 Rxa1+ 32.Qxa1 h3 33.Nd7 Nc4 34.Bxe7 Qxd7 
35.Qa8+ Kh7 36.Qxe4+ Kg8 37.Qa8+ Kh7 38.Qe4+ f5 39.Qh4+ Kg8 40.Bb4 Nb6 41.
Qxh3 Nd5 42.Bc5 b4 43.Qf1 b3 44.Qc4 Qb7 45.Ba3 Kh8 46.Bb2 Nf6 47.d5 Qxd5 
48.Qh4+ Kg8 49.Bxf6 gxf6 50.Qxf6 Qd1+ 51.Kg2 Qc2 52.Qd8+ Kf7 53.Qd7+ Kf8 
1/2-1/2

[Event "4th EUR-ch"]
[Site "Istanbul TUR"]
[Date "2003.06.02"]
[Round "4.97"]
[White "Akcan, Umit"]
[Black "Mastrovasilis, Athanasios"]
[Result "0-1"]
[WhiteElo "2167"]
[BlackElo "2487"]
[EventDate "2003.05.30"]
[PlyCount "71"]

1.e4 c5 2.Nf3 e6 3.d3 Nc6 4.g3 d5 5.Nbd2 Bd6 6.Bg2 Nge7 7.O-O O-O 8.exd5 
exd5 9.d4 c4 10.Re1 Bf5 11.Nh4 Be6 12.Ndf3 h6 13.Ne5 Nxe5 14.dxe5 Bc5 15.
c3 Qb6 16.Qe2 Rad8 17.b4 cxb3 18.axb3 Qxb3 19.Be3 Rc8 20.Reb1 Qxc3 21.Bxc5
Qxc5 22.Rxb7 Nc6 23.Kh1 Rb8 24.Rxb8 Rxb8 25.f4 d4 26.Rg1 Rd8 27.f5 d3 28.
Qd2 Bd5 29.Rc1 Bxg2+ 30.Nxg2 Qd5 31.e6 Qxf5 32.exf7+ Qxf7 33.Nf4 Ne5 34.
Rd1 Qb7+ 35.Qg2 Qb3 36.Qd2 0-1

[Event "4th EUR-ch"]
[Site "Istanbul TUR"]
[Date "2003.06.02"]
[Round "4.99"]
[White "Ataman, Alper"]
[Black "Tratar, Marko"]
[Result "0-1"]
[WhiteElo "2161"]
[BlackElo "2464"]
[EventDate "2003.05.30"]
[PlyCount "60"]

1.d4 Nf6 2.c4 g6 3.Nc3 Bg7 4.e4 d6 5.Nf3 O-O 6.Be2 e5 7.O-O Na6 8.Be3 Ng4 
9.Bg5 Qe8 10.dxe5 dxe5 11.h3 f6 12.Bd2 Nh6 13.c5 c6 14.Bxa6 bxa6 15.Qa4 
Nf7 16.Rfd1 Rb8 17.b3 Kh8 18.Bc1 f5 19.Rd3 f4 20.Ba3 g5 21.Nd2 Rg8 22.f3 
Bf8 23.Nd5 Qe6 24.Qa5 cxd5 25.exd5 Qg6 26.Ne4 g4 27.hxg4 Bxg4 28.Qd2 Bh3 
29.Re1 Bxg2 30.Kf2 Bxf3 0-1

[Event "4th EUR-ch"]
[Site "Istanbul TUR"]
[Date "2003.06.02"]
[Round "4.100"]
[White "Reyhan, Dogan"]
[Black "Yagupov, Igor"]
[Result "1/2-1/2"]
[WhiteElo "2161"]
[BlackElo "2454"]
[EventDate "2003.05.30"]
[PlyCount "81"]

1.e4 c5 2.Nf3 Nc6 3.d3 g6 4.g3 Bg7 5.Bg2 d6 6.O-O e5 7.c3 Nge7 8.a3 O-O 9.
b4 h6 10.Nbd2 Be6 11.Re1 Rc8 12.Bb2 b5 13.Nb3 c4 14.dxc4 bxc4 15.Nbd2 f5 
16.a4 Qc7 17.Ba3 Kh8 18.b5 Na5 19.Nh4 f4 20.Nf1 Rcd8 21.gxf4 Rxf4 22.Nf3 
Nb3 23.Ra2 d5 24.N3d2 d4 25.Nxb3 dxc3 26.Nbd2 Rd4 27.Qc1 cxd2 28.Rxd2 Rf7 
29.Bb2 c3 30.Qxc3 Qxc3 31.Bxc3 Rxa4 32.Rd8+ Ng8 33.Ne3 Rc7 34.Ba1 Rb7 35.
Nd5 Kh7 36.Rd6 Bf7 37.Bf1 Be8 38.Ra6 Rxa6 39.bxa6 Rb3 40.Rc1 Bb5 41.Bxb5 
1/2-1/2

[Event "4th EUR-ch"]
[Site "Istanbul TUR"]
[Date "2003.06.02"]
[Round "4.101"]
[White "Vokarev, Sergei"]
[Black "Asmundsson, Ingvar"]
[Result "1-0"]
[WhiteElo "2498"]
[BlackElo "2327"]
[EventDate "2003.05.30"]
[PlyCount "50"]

1.e4 c5 2.Nf3 e6 3.d4 cxd4 4.Nxd4 a6 5.Bd3 b5 6.O-O Bb7 7.a4 b4 8.Nd2 e5 
9.Nf5 g6 10.Ne3 Nf6 11.a5 Bc5 12.Nec4 d5 13.Nxe5 dxe4 14.Bc4 O-O 15.Nb3 
Bd6 16.Qd4 Nc6 17.Nxc6 Bxc6 18.Bg5 Be7 19.Qe5 Re8 20.Nd4 Bb7 21.Rad1 Nd7 
22.Bxf7+ Kxf7 23.Qe6+ Kg7 24.Nf5+ gxf5 25.Rxd7 Qxd7 1-0

[Event "4th EUR-ch"]
[Site "Istanbul TUR"]
[Date "2003.06.02"]
[Round "4.103"]
[White "Duman, Aydin"]
[Black "Brendel, Oliver"]
[Result "1-0"]
[WhiteElo "2185"]
[BlackElo "2378"]
[EventDate "2003.05.30"]
[PlyCount "77"]

1.e4 c5 2.Nf3 Nc6 3.d4 cxd4 4.Nxd4 g6 5.c4 Bg7 6.Be3 Nf6 7.Nc3 Ng4 8.Qxg4 
Nxd4 9.Qd1 Ne6 10.Qd2 Qa5 11.Rc1 b6 12.Be2 Bb7 13.f3 h5 14.O-O g5 15.b3 
Nf4 16.Rce1 Nxe2+ 17.Rxe2 g4 18.Nb5 Qxd2 19.Rxd2 gxf3 20.Nc7+ Kd8 21.Nxa8 
Bxe4 22.Nxb6 axb6 23.Bxb6+ Kc8 24.Re1 Bc6 25.Rxe7 fxg2 26.Rxg2 Bxg2 27.
Kxg2 h4 28.Kh3 Rf8 29.Bf2 Bf6 30.Re4 Kc7 31.Bxh4 Rh8 32.Kg3 Bxh4+ 33.Rxh4 
Ra8 34.Rf4 Rxa2 35.Rxf7 Ra8 36.Rf3 Ra1 37.Kf2 Rh1 38.Kg2 Rb1 39.h4 1-0

[Event "4th EUR-ch"]
[Site "Istanbul TUR"]
[Date "2003.06.03"]
[Round "5.2"]
[White "Kotronias, Vasilios"]
[Black "Graf, Alexander"]
[Result "1/2-1/2"]
[WhiteElo "2597"]
[BlackElo "2630"]
[EventDate "2003.05.30"]
[PlyCount "62"]

1.e4 e5 2.Nf3 Nc6 3.Bb5 a6 4.Ba4 Nf6 5.O-O Be7 6.Re1 b5 7.Bb3 d6 8.c3 O-O 
9.h3 Na5 10.Bc2 c5 11.d4 Nd7 12.Nbd2 exd4 13.cxd4 Nc6 14.d5 Nce5 15.a4 b4 
16.a5 g5 17.Nh2 Kh8 18.Ndf1 Rg8 19.Ne3 Nf8 20.Nhg4 Nxg4 21.hxg4 Bf6 22.g3 
Ng6 23.Kg2 Bd4 24.Nc4 Qf6 25.Be3 Bxb2 26.Nxb2 Qxb2 27.Bxg5 f6 28.Rb1 Qe5 
29.f4 Qe7 30.Bh6 Nh4+ 31.gxh4 Bxg4 1/2-1/2

[Event "4th EUR-ch"]
[Site "Istanbul TUR"]
[Date "2003.06.03"]
[Round "5.3"]
[White "Grischuk, Alexander"]
[Black "Nisipeanu, Liviu-Dieter"]
[Result "1/2-1/2"]
[WhiteElo "2701"]
[BlackElo "2606"]
[EventDate "2003.05.30"]
[PlyCount "110"]

1.e4 c6 2.d4 d5 3.e5 Bf5 4.Nd2 e6 5.Nb3 Nd7 6.Nf3 Ne7 7.Be2 Rc8 8.O-O Bg4 
9.c3 a6 10.Bd2 Nf5 11.h3 Bxf3 12.Bxf3 c5 13.Bg4 g6 14.Bxf5 gxf5 15.Qh5 h6 
16.Be3 Nb6 17.Nxc5 Bxc5 18.dxc5 Nc4 19.Bd4 Qg5 20.Qe2 f4 21.f3 Ne3 22.Bxe3
Qxe5 23.Rae1 Qxe3+ 24.Qxe3 fxe3 25.Rxe3 Rxc5 26.f4 Ke7 27.f5 Rcc8 28.fxe6 
fxe6 29.Rf5 Kd6 30.Rf6 Rce8 31.g4 h5 32.g5 h4 33.Kg2 Rhg8 34.g6 Rgf8 35.
Rexe6+ Rxe6 36.Rxf8 Rxg6+ 37.Kf2 b5 38.Rh8 Rf6+ 39.Ke3 Rg6 40.Rxh4 Rg2 41.
Rh6+ Ke5 42.Rh5+ Kd6 43.Rh6+ Ke5 44.Rh5+ Kd6 45.b4 Rxa2 46.h4 a5 47.bxa5 
Rxa5 48.Rh8 Ra3 49.Kd4 Ra4+ 50.Kd3 Kc5 51.h5 Rh4 52.h6 Rh3+ 53.Kc2 Kb6 54.
h7 Kb7 55.Kd2 b4 1/2-1/2

[Event "4th EUR-ch"]
[Site "Istanbul TUR"]
[Date "2003.06.03"]
[Round "5.4"]
[White "Azmaiparashvili, Zurab"]
[Black "Damljanovic, Branko"]
[Result "1-0"]
[WhiteElo "2678"]
[BlackElo "2587"]
[EventDate "2003.05.30"]
[PlyCount "105"]

1.d4 Nf6 2.c4 g6 3.Nf3 Bg7 4.g3 O-O 5.Bg2 d6 6.Nc3 c6 7.O-O Qa5 8.Nd2 Nbd7
9.Rb1 e5 10.d5 cxd5 11.cxd5 a6 12.b4 Qc7 13.Bb2 Ne8 14.Rc1 f5 15.Qb3 Qd8 
16.Nc4 b6 17.a4 Rb8 18.Ba3 e4 19.Rfd1 Ne5 20.b5 Nxc4 21.Qxc4 Rf7 22.e3 
axb5 23.Nxb5 Ba6 24.Bf1 Bxb5 25.Qxb5 Be5 26.Rc6 Ra7 27.Qb3 Rba8 28.Bb5 Nf6
29.Rdc1 Kg7 30.Bb4 Kh6 31.Qd1 Rb8 32.R1c2 Rba8 33.Kg2 Rb8 34.Ba3 Rba8 35.
Rc1 Rb8 36.Rb1 Qe7 37.Rbc1 Qd8 38.R1c2 Rf7 39.Qc1 Rfb7 40.Rd2 Rg7 41.Bb4 
Rd7 42.Qa3 Qe7 43.Ba6 Qd8 44.h3 Ra7 45.Bb5 Rd7 46.Bc3 Qe7 47.Qb2 Bxc3 48.
Qxc3 Rdb7 49.Qb4 Rd7 50.Qd4 Qd8 51.Rb2 Ra7 52.Rbc2 Re7 53.Qxf6 1-0

[Event "4th EUR-ch"]
[Site "Istanbul TUR"]
[Date "2003.06.03"]
[Round "5.5"]
[White "Agrest, Evgenij"]
[Black "Van Wely, Loek"]
[Result "1/2-1/2"]
[WhiteElo "2591"]
[BlackElo "2675"]
[EventDate "2003.05.30"]
[PlyCount "24"]

1.c4 Nf6 2.Nc3 c5 3.Nf3 d5 4.cxd5 Nxd5 5.d4 Nxc3 6.bxc3 g6 7.e4 Bg7 8.Be3 
Qa5 9.Bd2 O-O 10.Be2 Bg4 11.O-O Nc6 12.d5 Ne5 1/2-1/2

[Event "4th EUR-ch"]
[Site "Istanbul TUR"]
[Date "2003.06.03"]
[Round "5.6"]
[White "Malakhov, Vladimir"]
[Black "Avrukh, Boris"]
[Result "1-0"]
[WhiteElo "2672"]
[BlackElo "2586"]
[EventDate "2003.05.30"]
[PlyCount "94"]

1.e4 c5 2.Nf3 Nc6 3.Bb5 d6 4.O-O Bd7 5.Re1 Nf6 6.c3 a6 7.Bf1 Bg4 8.d3 g6 
9.Nbd2 Bg7 10.h3 Bd7 11.d4 cxd4 12.cxd4 Rc8 13.e5 dxe5 14.dxe5 Nd5 15.Ne4 
Be6 16.Neg5 O-O 17.Nxe6 fxe6 18.b3 Ncb4 19.Nd4 Qb6 20.Bc4 Kh8 21.a3 Nc3 
22.Qd2 Nbd5 23.Bb2 Bh6 24.Qxh6 Qxd4 25.Bxc3 Nxc3 26.Qe3 Qxe3 27.Rxe3 Nd5 
28.Rd3 Rc5 29.Rad1 Rf5 30.Bxd5 exd5 31.Rxd5 Rxe5 32.Rd8+ Kg7 33.R1d7 Rc1+ 
34.Kh2 Kf6 35.Rxb7 Rc3 36.Rb6+ e6 37.g3 h5 38.h4 Kf5 39.a4 a5 40.Rb5 Ke4 
41.Kg2 Rxb3 42.Ra8 Ra3 43.Rf8 Rxa4 44.Rf6 Ra2 45.Rxg6 Kd4 46.Kf3 Kc4 47.
Rd5 Kxd5 1-0

[Event "4th EUR-ch"]
[Site "Istanbul TUR"]
[Date "2003.06.03"]
[Round "5.7"]
[White "Rozentalis, Eduardas"]
[Black "Rublevsky, Sergei"]
[Result "1/2-1/2"]
[WhiteElo "2586"]
[BlackElo "2670"]
[EventDate "2003.05.30"]
[PlyCount "23"]

1.e4 c5 2.c3 Nf6 3.e5 Nd5 4.g3 d6 5.exd6 e6 6.Bg2 Bxd6 7.Nf3 Nc6 8.O-O O-O
9.d4 cxd4 10.Nxd4 Nxd4 11.Qxd4 Qc7 12.Nd2 1/2-1/2

[Event "4th EUR-ch"]
[Site "Istanbul TUR"]
[Date "2003.06.03"]
[Round "5.10"]
[White "Alexandrov, Alexei"]
[Black "Gagunashvili, Merab"]
[Result "1-0"]
[WhiteElo "2650"]
[BlackElo "2580"]
[EventDate "2003.05.30"]
[PlyCount "123"]

1.d4 d6 2.Nf3 Bg4 3.c4 Nd7 4.Qb3 Rb8 5.h3 Bxf3 6.Qxf3 g6 7.Qa3 a6 8.e4 Bg7
9.Be3 c5 10.d5 Qb6 11.Nc3 Bd4 12.Bd2 Ngf6 13.Rb1 O-O 14.f3 e6 15.Ne2 exd5 
16.Nxd4 cxd4 17.cxd5 Rfe8 18.Kf2 Nc5 19.Kg1 Nh5 20.Ba5 Qa7 21.Bc7 Rbc8 22.
Qa5 b5 23.Bb6 Qe7 24.Qd2 Rb8 25.Ba5 Qe5 26.h4 f5 27.exf5 Qe3+ 28.Qxe3 dxe3
29.Re1 e2 30.Bxe2 Ng3 31.Kf2 Nxh1+ 32.Rxh1 gxf5 33.Rd1 Re7 34.Bc3 Rbe8 35.
Rd2 Kf7 36.Bd1 Re1 37.Rd4 R1e5 38.Rd2 Re1 39.Rd4 R1e5 40.g4 Na4 41.Bxa4 
bxa4 42.Rxa4 Rxd5 43.Rxa6 fxg4 44.Ra7+ Ke6 45.fxg4 h5 46.g5 Rf5+ 47.Kg3 
Kd5 48.Ra5+ Ke4 49.Rxf5 Kxf5 50.a4 Re4 51.a5 d5 52.Kf3 d4 53.Bd2 d3 54.g6 
Re7 55.b4 Ke5 56.b5 Kd5 57.a6 Ra7 58.Be3 d2 59.Ke2 Rd7 60.Bxd2 Kd6 61.b6 
Rd8 62.b7 1-0

[Event "4th EUR-ch"]
[Site "Istanbul TUR"]
[Date "2003.06.03"]
[Round "5.11"]
[White "Georgiev, Kiril"]
[Black "Gashimov, Vugar"]
[Result "1/2-1/2"]
[WhiteElo "2647"]
[BlackElo "2579"]
[EventDate "2003.05.30"]
[PlyCount "118"]

1.Nf3 Nf6 2.c4 b6 3.g3 Bb7 4.d4 e6 5.Bg2 Be7 6.O-O O-O 7.Nc3 Ne4 8.Bd2 f5 
9.d5 Bf6 10.Rc1 Na6 11.a3 Nac5 12.b4 Bxc3 13.Bxc3 Nxc3 14.Rxc3 Ne4 15.Rc1 
a5 16.Qb3 axb4 17.axb4 Qf6 18.Rfd1 Ra7 19.Nd4 Rfa8 20.Nb5 Ra1 21.Bxe4 fxe4
22.Qe3 Rxc1 23.Rxc1 Qb2 24.dxe6 dxe6 25.Rd1 Ra1 26.Rxa1 Qxa1+ 27.Kg2 Qe5 
28.c5 Kf7 29.h4 Ba6 30.Nc3 bxc5 31.bxc5 Bb7 32.Kh2 Kf6 33.Kg1 Bc6 34.Kf1 
Bb7 35.Nd1 Bc6 36.Qc1 Ba4 37.Nc3 Bc6 38.Qe3 Bb7 39.Qd2 Bc6 40.Qc2 Bb7 41.
Ke1 Bc6 42.Kd1 Bb7 43.Ke1 Ba8 44.Kf1 Bc6 45.Kg1 Bb7 46.Kh2 Bc6 47.Kh3 Bb7 
48.Nb5 Ba6 49.Nc3 Bb7 50.Kg2 Ba8 51.Kg1 Bb7 52.Qc1 Bc6 53.e3 Kf7 54.Qa3 
Kg8 55.Qb4 Kh8 56.Qd4 Qf5 57.Qc4 Qe5 58.Kf1 Qf5 59.Ke1 Qe5 1/2-1/2

[Event "4th EUR-ch"]
[Site "Istanbul TUR"]
[Date "2003.06.03"]
[Round "5.14"]
[White "Tregubov, Pavel"]
[Black "Nijboer, Friso"]
[Result "1/2-1/2"]
[WhiteElo "2632"]
[BlackElo "2562"]
[EventDate "2003.05.30"]
[PlyCount "62"]

1.d4 Nf6 2.c4 g6 3.g3 Bg7 4.Bg2 O-O 5.Nc3 d6 6.Nf3 Nc6 7.O-O Rb8 8.h3 a6 
9.e4 b5 10.cxb5 axb5 11.Re1 e6 12.d5 b4 13.dxc6 bxc3 14.bxc3 e5 15.Qa4 Rb6
16.Be3 Ra6 17.Qb4 Rxc6 18.Nd2 Be6 19.c4 Ra6 20.c5 Qa8 21.a4 Nd7 22.cxd6 
Rb8 23.Qc3 Rc6 24.Qd3 Rxd6 25.Qc2 Rc6 26.Qd1 Nc5 27.Bf1 Nb3 28.Nxb3 Bxb3 
29.Qd2 Rd6 30.Qc3 Rc6 31.Qd2 Rd6 1/2-1/2

[Event "4th EUR-ch"]
[Site "Istanbul TUR"]
[Date "2003.06.03"]
[Round "5.15"]
[White "Spasov, Vasil"]
[Black "Naer, Evgeny"]
[Result "0-1"]
[WhiteElo "2555"]
[BlackElo "2606"]
[EventDate "2003.05.30"]
[PlyCount "77"]

1.e4 c5 2.Nf3 d6 3.d4 cxd4 4.Nxd4 Nf6 5.Nc3 a6 6.Be3 e5 7.Nf3 Qc7 8.a4 Be7
9.Bg5 Nbd7 10.Nd2 O-O 11.Bc4 h6 12.Bh4 g5 13.Bg3 Nb6 14.Bb3 Bg4 15.f3 Be6 
16.O-O Bxb3 17.cxb3 d5 18.a5 Nbd7 19.exd5 Nxd5 20.Nc4 Nb4 21.Kh1 Qc6 22.
Qe2 Qe6 23.Nxe5 Nxe5 24.Qxe5 Qxe5 25.Bxe5 Rfd8 26.Na4 Rac8 27.Bc3 Nd3 28.
Kg1 h5 29.Rfd1 g4 30.Kf1 Rc6 31.Rd2 Bg5 32.Rc2 Rg6 33.fxg4 hxg4 34.Rd1 g3 
35.h3 Rd5 36.Re2 Re6 37.Rxe6 fxe6 38.Be1 Rf5+ 39.Ke2 0-1

[Event "4th EUR-ch"]
[Site "Istanbul TUR"]
[Date "2003.06.03"]
[Round "5.16"]
[White "Iordachescu, Viorel"]
[Black "Chuchelov, Vladimir"]
[Result "1-0"]
[WhiteElo "2550"]
[BlackElo "2592"]
[EventDate "2003.05.30"]
[PlyCount "66"]

1.e4 c5 2.Nf3 Nc6 3.d4 cxd4 4.Nxd4 Nf6 5.Nc3 e5 6.Ndb5 d6 7.Bg5 a6 8.Na3 
b5 9.Nd5 Be7 10.Bxf6 Bxf6 11.c3 O-O 12.Nc2 Bg5 13.h4 Bh6 14.g4 Bf4 15.Qf3 
Rb8 16.a3 a5 17.g5 Be6 18.Bd3 Qd7 19.Rg1 Rfe8 20.Nce3 Ne7 21.h5 b4 22.axb4
axb4 23.c4 Nc6 24.h6 Ra8 25.Rb1 Nd4 26.Qh1 Bxe3 27.fxe3 Bxd5 28.cxd5 Nb3 
29.hxg7 Kxg7 30.Qh6+ Kh8 31.Rh1 f6 32.Bb5 Qe7 33.Qxf6+ Kg8 1-0

[Event "4th EUR-ch"]
[Site "Istanbul TUR"]
[Date "2003.06.03"]
[Round "5.19"]
[White "Sokolov, Ivan"]
[Black "Volokytin, Andriy"]
[Result "1/2-1/2"]
[WhiteElo "2677"]
[BlackElo "2572"]
[EventDate "2003.05.30"]
[PlyCount "114"]

1.d4 Nf6 2.c4 g6 3.Nc3 Bg7 4.e4 d6 5.Bg5 h6 6.Be3 Ng4 7.Bc1 e5 8.d5 f5 9.
Be2 Nf6 10.exf5 Bxf5 11.g4 Bd7 12.Qc2 e4 13.g5 hxg5 14.Bxg5 Bf5 15.Qd2 
Nbd7 16.h4 Ne5 17.Nh3 Qd7 18.Nf4 Nh7 19.O-O-O Nxg5 20.hxg5 Qe7 21.Rxh8+ 
Bxh8 22.Nb5 a6 23.Nd4 Qxg5 24.Nfe6 Qxd2+ 25.Kxd2 Kf7 26.Rh1 Rg8 27.Rh7+ 
Bg7 28.Nxc7 Rh8 29.Rxh8 Bxh8 30.Nce6 Ke7 31.b4 Nd7 32.Ke3 Bxe6 33.dxe6 
Bxd4+ 34.Kxd4 Nf6 35.Bf1 Ng4 36.Kxe4 Nxf2+ 37.Ke3 Ng4+ 38.Kd4 Ne5 39.Kd5 
Ng4 40.Ke4 b6 41.c5 Nf6+ 42.Kd4 dxc5+ 43.bxc5 bxc5+ 44.Kxc5 a5 45.Kb5 Ne4 
46.Kxa5 Nc3 47.a3 Nb1 48.a4 Nc3 49.Bh3 Kd6 50.Kb4 Nd5+ 51.Kc4 g5 52.a5 g4 
53.Bxg4 Ne3+ 54.Kb5 Nxg4 55.Kb6 Ne5 56.e7 Nc4+ 57.Kb5 Kxe7 1/2-1/2

[Event "4th EUR-ch"]
[Site "Istanbul TUR"]
[Date "2003.06.03"]
[Round "5.21"]
[White "Nataf, Igor-Alexandre"]
[Black "Beliavsky, Alexander"]
[Result "0-1"]
[WhiteElo "2559"]
[BlackElo "2649"]
[EventDate "2003.05.30"]
[PlyCount "98"]

1.e4 e5 2.Nf3 Nc6 3.d4 exd4 4.Nxd4 Bc5 5.Nxc6 Qf6 6.Qd2 dxc6 7.Nc3 Bd4 8.
Bc4 Be6 9.Bxe6 fxe6 10.O-O O-O-O 11.Qe2 Bxc3 12.bxc3 Qxc3 13.Rb1 Nf6 14.f3
Rd4 15.Qf2 Ra4 16.Rb3 Qc4 17.a3 Rf8 18.Re1 Ng4 19.Qg3 Qc5+ 20.Kf1 Qxc2 21.
Rb2 Qd3+ 22.Kg1 Qd4+ 23.Kh1 Ne5 24.Rd2 Qc5 25.Qxg7 b5 26.Qxh7 Kb7 27.Qh5 
Rd4 28.f4 Rxd2 29.Bxd2 Qd4 30.Qxe5 Qxd2 31.Rf1 Qd3 32.Re1 Qxa3 33.f5 Qb4 
34.Rf1 Qc4 35.Kg1 exf5 36.exf5 a5 37.f6 a4 38.h3 a3 39.g4 b4 40.g5 b3 41.
g6 b2 42.Re1 Qb3 43.g7 Rd8 44.f7 Qxf7 45.Qc3 Qg6+ 46.Kh2 b1=Q 47.Rxb1+ 
Qxb1 48.Qxa3 Rd2+ 49.Kg3 Rd3+ 0-1